The Hazard Model for European SMEs: Combining Accounting and Macroeconomic Variables

Predpovedanie zlyhania malých a stredných podnikov (MSP) pomocou prístupu modelu nebezpečenstva predstavuje oblasť relatívne zanedbávanú v bežnej literatúre. Na jednej strane sa MSP považujú za chrbtovú kosť hospodárstva, na druhej strane ich špecifické vlastnosti predstavujú výzvu pre proces modelo...

Descrizione completa

Salvato in:
Dettagli Bibliografici
Autore principale: Karas, Michal
Natura: Capitolo di libro
Lingua:inglese
Soggetti:
Tags: Aggiungi Tag
Nessun Tag, puoi essere il primo ad aggiungerne!!

MARC

LEADER 00000naa a2200000 4500
001 0297658
005 20231214115331.5
041 0 |a eng 
044 |a CZ 
245 1 0 |a The Hazard Model for European SMEs: Combining Accounting and Macroeconomic Variables  |c Michal Karas 
520 |a Predpovedanie zlyhania malých a stredných podnikov (MSP) pomocou prístupu modelu nebezpečenstva predstavuje oblasť relatívne zanedbávanú v bežnej literatúre. Na jednej strane sa MSP považujú za chrbtovú kosť hospodárstva, na druhej strane ich špecifické vlastnosti predstavujú výzvu pre proces modelovania. Tento problém je ďalej komplikovaný skutočnosťou, že mnohé moderné štrukturálne prístupy k modelovaniu predvoleného stavu sú jednoducho nevhodné pre MSP z dôvodu ich obmedzenej veľkosti. Preto sa výskumníci spoliehajú iba na účtovné, nefinančné alebo makroekonomické údaje. Medzera je zrejmá najmä v niekoľkých štúdiách o predikcii zlyhania MSP, ktoré využívajú prístup modelu nebezpečenstva, ktorý modeluje pravdepodobnosť zlyhania s ohľadom na časový faktor. Lepšie pochopenie faktorov, ktoré spôsobujú zlyhanie MSP, môže pomôcť pri prijímaní politík, ktoré posilňujú ich konkurencieschopnosť. 
610 2 0 |a podnik stredný 
610 2 0 |a podnik malý 
610 2 0 |a riziko 
610 2 0 |a konkurencieschopnosť 
610 2 0 |a ukazovatele ekonomické 
610 2 0 |a modely 
610 2 0 |a Európska únia 
100 1 |a Karas, Michal